Which country has the most Migrants in Luxembourg - Statistics

General Stats
  • This quiz has been taken 46 times
  • The average score is 11 of 14
Answer Stats
Hint Answer % Correct
12,480 Germany
100%
49,234 France
95%
18,889 Belgium
93%
25,116 Italy
93%
3,934 Netherlands
90%
90,915 Portugal
90%
3,739 United Kingdom
90%
9,540 Spain
86%
4,545 China
67%
5,217 Poland
64%
5,357 Ukraine
64%
6,828 Romania
60%
5,091 India
52%
4,472 Greece
48%
No matching quizzes found
Score Distribution
Percent of People with Each Score
Percentile by Number Answered
Your Score History
You have not taken this quiz